A dame full of vim and vigor : (Record no. 12954)

000 -LEADER
fixed length control field 00621cam a2200205 a 4500
020 ## - INTERNATIONAL STANDARD BOOK NUMBER
ISBN 9057025752
040 ## - CATALOGING SOURCE
Transcribing agency UKM
082 00 - DEWEY DECIMAL CLASSIFICATION NUMBER
Classification number 570 HAR 1999 A027 Or.
100 1# - MAIN ENTRY--AUTHOR NAME
Personal name Ogilvie, Marilyn Bailey
245 12 - TITLE STATEMENT
Title A dame full of vim and vigor :
Remainder of title a biography of Alice Middleton Boring, biologist in China /
260 ## - PUBLICATION, DISTRIBUTION, ETC. (IMPRINT)
Place of publication Amsterdam, The Netherlands :
Name of publisher Harwood Academic,
Year of publication c1999
300 ## - PHYSICAL DESCRIPTION
Number of Pages xvii, 217 p. :
Other physical details ill. ;
Dimensions 24 cm
490 1# - SERIES STATEMENT
Series statement Women in science
650 #0 - SUBJECT ADDED ENTRY--TOPICAL TERM
Topical Term Women biologists
650 #0 - SUBJECT ADDED ENTRY--TOPICAL TERM
Topical Term Women biologists
650 #0 - SUBJECT ADDED ENTRY--TOPICAL TERM
Topical Term Biologists
650 #0 - SUBJECT ADDED ENTRY--TOPICAL TERM
Topical Term Women biologists
700 1# - ADDED ENTRY--PERSONAL NAME
Personal name Choquette, Clifford J
942 ## - ADDED ENTRY ELEMENTS (KOHA)
Koha item type សៀវភៅភាសាអង់គ្លេស
952 ## - LOCATION AND ITEM INFORMATION (KOHA)
Withdrawn status [LOCAL, KOHA] 0
Holdings
Permanent Location Date acquired Koha item type Lost status Shelving location Barcode Current Location Full call number
Library Block A2017-08-18សៀវភៅភាសាអង់គ្លេស A027A19601Library Block A570 HAR 1999 A027 Or.
មជ្ឈមណ្ឌលឯការនៃសាកលវិទ្យាល័យភូមិន្ទកសិកម្មចំការដូង

Powered by Koha